Statistiques concernant Boruto : les membres de Kara

Cliquez ici pour prendre le quiz!

Statistiques générales

  • Ce quiz a été pris 20 fois
  • Le résultat moyen est 8 sur 17

Statistiques - réponses

Réponse% Correct
Jigen
94%
Delta
88%
Amado
81%
Code
81%
Kawaki
75%
Daemon
56%
Eida
56%
Kashin Koji
56%
Boro
50%
Victor
50%
Deepa
31%
Ao
19%
Bug
19%
Garou
13%
Isshiki Otsutsuki
6%
Oga
6%
Garashi Tono
0%

Distribution des résultats

Percentile par nombre de réponses

% des personnes avec chaque résultat

Votre développement - résultats

Vous n’avez pas pris ce quiz